00651nam a2200241 a 4500001001300000003000900013005001700022008004100039020001000080082001300090100001500103245001900118260003200137300000900169500003500178505001000213650002300223700001500246902000800261942000700269952011600276999001700392nice12345678IN_TiNIC20260116015236.0050524s1965 enga grp 000 0 eng  ac10000a230bMEH aMehta, Ved aNew Theologian aEnglandbPenguin Bookc1965 a222p aincludes index and biblioraphy2 aIndex aTheology-Doctrinal1 aMehta, Ved bSRS cBK 001040708StackRoom-aHMIbHMId2007-06-25g100.00l0o230 MEHp11000143r2007-06-25v100.00w2005-05-24yBK c18886d18886